[Event "1. Bundesliga 2017/2018"]
[Site "St.Veit/Glan"]
[Date "2018.04.07"]
[Round "11"]
[Board "1"]
[White "Huschenbeth, Niclas"]
[Black "Nagy, Gabor"]
[Result "1-0"]
[WhiteElo "2560"]
[BlackElo "2481"]
[PlyCount "81"]
[EventDate "2017.11.16"]
[EventType "team"]
[EventRounds "11"]
[EventCountry "AUT"]
[WhiteTeam "Schachclub Sparkasse Goetzis"]
[BlackTeam "ASVOE Wulkaprodersdorf"]

1.e4 c5 2.Nf3 e6 3.d4 cxd4 4.Nxd4 Nc6 5.Nc3 Qc7 6.Be3 Nf6 7.f4 Bb4 8.Ndb5 Qa5 9.e5
Nd5 10.Bd2 Nxc3 11.bxc3 Bc5 12.c4 Qd8 13.Bd3 O-O 14.Qh5 g6 15.Qh6 d5 16.exd6 a6 17.Nc3
Bd4 18.c5 f5 19.Rb1 Bxc5 20.h4 Bd4 21.a4 Bg7 22.Qg5 Bf6 23.Qg3 Qxd6 24.Ne2 Kh8 25.h5
gxh5 26.Rxh5 b5 27.Qh3 Ra7 28.axb5 axb5 29.g4 Rg8 30.Rh6 Bd4 31.gxf5 Rgg7 32.fxe6
Rge7 33.f5 Ne5 34.Bg5 Rg7 35.Bf6 Kg8 36.Bxg7 Rxg7 37.f6 Bc3+ 38.Nxc3 Nxd3+ 39.cxd3
Rg1+ 40.Ke2 Rg3 41.Qf5 1-0

[Event "1. Bundesliga 2017/2018"]
[Site "St.Veit/Glan"]
[Date "2018.04.07"]
[Round "11"]
[Board "2"]
[White "Yankelevich, Lev"]
[Black "Georgiadis, Nico"]
[Result "1/2-1/2"]
[WhiteElo "2411"]
[BlackElo "2534"]
[PlyCount "110"]
[EventDate "2017.11.16"]
[EventType "team"]
[EventRounds "11"]
[EventCountry "AUT"]
[WhiteTeam "ASVOE Wulkaprodersdorf"]
[BlackTeam "Schachclub Sparkasse Goetzis"]

1.d4 Nf6 2.c4 e6 3.g3 d5 4.Nf3 Bb4+ 5.Bd2 Be7 6.Bg2 O-O 7.O-O c6 8.Qc2 Nbd7 9.Rc1
a5 10.b3 b5 11.c5 Ne4 12.Bf4 g5 13.Bd6 Bxd6 14.cxd6 Bb7 15.h4 gxh4 16.Nxh4 f5 17.Nf3
Qf6 18.Nbd2 Nxd6 19.e3 Ne4 20.a3 c5 21.dxc5 Rfc8 22.Nxe4 dxe4 23.c6 Rxc6 24.Qd1 Rd8
25.Nd4 Ne5 26.Qh5 Rcc8 27.Rxc8 Rxc8 28.Rd1 b4 29.axb4 axb4 30.Nb5 Bd5 31.Nd4 Qg6 32.Qh4
Qg4 33.Qxg4+ fxg4 34.Ra1 Nf3+ 35.Bxf3 exf3 36.e4 Bxe4 37.Nxe6 Bd5 38.Nf4 Bxb3 39.Nd3
Rc4 40.Ra8+ Kg7 41.Ra7+ Kf6 42.Ra6+ Kf5 43.Rb6 Rc3 44.Nxb4 Rc1+ 45.Kh2 Rf1 46.Nd3
Bc2 47.Rc6 Bd1 48.Rc5+ Ke4 49.Rc4+ Kd5 50.Rxg4 Bc2 51.Nf4+ Ke5 52.Nh3 Bf5 53.Rg5 h6
54.Rh5 Kf6 55.Rxh6+ Kg7 1/2-1/2

[Event "1. Bundesliga 2017/2018"]
[Site "St.Veit/Glan"]
[Date "2018.04.07"]
[Round "11"]
[Board "3"]
[White "Krassowizkij, Jaroslaw"]
[Black "Mesaros, Florian"]
[Result "1/2-1/2"]
[WhiteElo "2442"]
[BlackElo "2424"]
[PlyCount "79"]
[EventDate "2017.11.16"]
[EventType "team"]
[EventRounds "11"]
[EventCountry "AUT"]
[WhiteTeam "Schachclub Sparkasse Goetzis"]
[BlackTeam "ASVOE Wulkaprodersdorf"]

1.e4 e5 2.Nf3 Nc6 3.Bb5 a6 4.Ba4 Nf6 5.O-O Be7 6.d3 b5 7.Bb3 d6 8.a3 O-O 9.Nc3 Bg4
10.Be3 Nd4 11.Bxd4 exd4 12.Nd5 Nd7 13.h3 Bxf3 14.Qxf3 c6 15.Nf4 a5 16.Qg4 Ne5 17.Qg3
Bh4 18.Qh2 a4 19.Ba2 Qb6 20.Ne2 b4 21.axb4 Qxb4 22.Qf4 Bf6 23.Rfb1 Qc5 24.Qd2 Ng6
25.b3 a3 26.b4 Qb6 27.b5 cxb5 28.Qb4 Ra5 29.Bd5 Ne7 30.Rxa3 Rxa3 31.Qxa3 Nxd5 32.exd5
g6 33.Ng3 Be5 34.Ne4 Rc8 35.g3 f5 36.Ng5 f4 37.gxf4 Bxf4 38.Ne6 Be5 39.Qb3 h6 40.f4 1/2-1/2

[Event "1. Bundesliga 2017/2018"]
[Site "St.Veit/Glan"]
[Date "2018.04.07"]
[Round "11"]
[Board "4"]
[White "Volkmann, Friedrich Karl"]
[Black "Eisenbeiser, Amadeus"]
[Result "1/2-1/2"]
[WhiteElo "2403"]
[BlackElo "2393"]
[PlyCount "77"]
[EventDate "2017.11.16"]
[EventType "team"]
[EventRounds "11"]
[EventCountry "AUT"]
[WhiteTeam "ASVOE Wulkaprodersdorf"]
[BlackTeam "Schachclub Sparkasse Goetzis"]

1.d4 d6 2.e4 Nf6 3.Nc3 e5 4.Nf3 Nbd7 5.Bc4 Be7 6.a4 O-O 7.O-O exd4 8.Nxd4 Ne5 9.Ba2
Bd7 10.Re1 Nc6 11.Nde2 Be6 12.Nf4 Bxa2 13.Rxa2 Nb4 14.Ra3 c6 15.Rb3 a5 16.Nb1 Re8
17.Rg3 Bf8 18.Nc3 g6 19.h4 d5 20.exd5 Rxe1+ 21.Qxe1 Nbxd5 22.Nfxd5 Nxd5 23.Bg5 Qd7
24.Rd3 Re8 25.Qd2 Bb4 26.Nxd5 cxd5 27.c3 Bf8 28.b3 Re5 29.Bf6 Rf5 30.Bd4 h5 31.Qe2
Bg7 32.Re3 Bxd4 33.cxd4 Qc6 34.g3 Qf6 35.Qd2 Rf3 36.Kg2 Rxe3 37.Qxe3 Qf5 38.Qe8+ Kh7
39.f3 1/2-1/2

[Event "1. Bundesliga 2017/2018"]
[Site "St.Veit/Glan"]
[Date "2018.04.07"]
[Round "11"]
[Board "5"]
[White "Kessler, Luca"]
[Black "Wallner, Joachim"]
[Result "1/2-1/2"]
[WhiteElo "2416"]
[BlackElo "2311"]
[PlyCount "53"]
[EventDate "2017.11.16"]
[EventType "team"]
[EventRounds "11"]
[EventCountry "AUT"]
[WhiteTeam "Schachclub Sparkasse Goetzis"]
[BlackTeam "ASVOE Wulkaprodersdorf"]

1.g3 d5 2.Nf3 c6 3.Bg2 Bg4 4.O-O Nd7 5.d3 Ngf6 6.Nbd2 e6 7.b3 Bc5 8.Bb2 O-O 9.e4 a5
10.a3 Qc7 11.Qe1 Rfd8 12.Kh1 Bh5 13.h3 dxe4 14.dxe4 e5 15.Nh4 Ne8 16.Bf3 Bxf3+ 17.Ndxf3
g6 18.Qe2 Bf8 19.Ng2 Bg7 20.a4 Nc5 21.Rad1 b6 22.Kh2 h5 23.Ng5 Qe7 24.Nf3 Qc7 25.Ng5
Qe7 26.Nf3 Qc7 27.Ng5 1/2-1/2

[Event "1. Bundesliga 2017/2018"]
[Site "St.Veit/Glan"]
[Date "2018.04.07"]
[Round "11"]
[Board "6"]
[White "Knapp, Josef"]
[Black "Kvetny, Mark"]
[Result "0-1"]
[WhiteElo "1796"]
[BlackElo "2403"]
[PlyCount "86"]
[EventDate "2017.11.16"]
[EventType "team"]
[EventRounds "11"]
[EventCountry "AUT"]
[WhiteTeam "ASVOE Wulkaprodersdorf"]
[BlackTeam "Schachclub Sparkasse Goetzis"]

1.e4 c5 2.Nf3 d6 3.Nc3 a6 4.a4 Nc6 5.h3 Nf6 6.d3 e6 7.Be2 Be7 8.Be3 O-O 9.O-O Re8
10.d4 cxd4 11.Nxd4 e5 12.Nxc6 bxc6 13.Bf3 Rb8 14.Rb1 Be6 15.Bg5 Rb4 16.b3 Qb8 17.Bxf6
Bxf6 18.Bg4 Bd8 19.Qe2 a5 20.Rbd1 Bb6 21.Bf3 Bd4 22.Na2 Rb7 23.Rd3 c5 24.Rd2 c4 25.bxc4
Rc8 26.c3 Bxc4 27.Qe1 Bxf1 28.cxd4 Bc4 29.Qe3 Bxa2 30.Rxa2 Rb3 31.Qd2 Qb4 32.Qxb4
Rxb4 33.dxe5 dxe5 34.Be2 Rxe4 35.Bb5 Rd4 36.Rb2 g6 37.g3 Kg7 38.Kg2 Rc7 39.Re2 Rc5
40.Rb2 Kf6 41.h4 Ke7 42.Re2 f5 43.Rb2 h6 0-1

[Event "1. Bundesliga 2017/2018"]
[Site "St.Veit/Glan"]
[Date "2018.04.07"]
[Round "11"]
[Board "1"]
[White "Sutovsky, Emil"]
[Black "Bosiocic, Marin"]
[Result "1/2-1/2"]
[WhiteElo "2644"]
[BlackElo "2605"]
[PlyCount "75"]
[EventDate "2017.11.16"]
[EventType "team"]
[EventRounds "11"]
[EventCountry "AUT"]
[WhiteTeam "Schachklub Absam"]
[BlackTeam "SV Pillenkoenig St. Veit"]

1.e4 e5 2.Nf3 Nc6 3.Bb5 Nf6 4.d3 Bc5 5.O-O Nd4 6.Be3 c6 7.Ba4 Nxf3+ 8.Qxf3 Be7 9.d4
d6 10.h3 O-O 11.Rd1 Qa5 12.Nc3 d5 13.Bb3 dxe4 14.Nxe4 exd4 15.Rxd4 Be6 16.Bg5 Qe5
17.Nxf6+ Bxf6 18.Bxf6 Qxf6 19.Qxf6 gxf6 20.Rad1 c5 21.Rf4 Rad8 22.Rxd8 Rxd8 23.Bxe6
fxe6 24.Rxf6 Rd1+ 25.Kh2 Rd2 26.Rxe6 Rxc2 27.Re8+ Kf7 28.Rc8 Ke6 29.b4 Rxa2 30.bxc5
Rxf2 31.c6 Rf7 32.cxb7 Rxb7 33.g4 h5 34.Rc6+ Kd5 35.Rh6 hxg4 36.hxg4 Rb3 37.Ra6 Ke5
38.Rxa7 1/2-1/2

[Event "1. Bundesliga 2017/2018"]
[Site "St.Veit/Glan"]
[Date "2018.04.07"]
[Round "11"]
[Board "2"]
[White "Brkic, Ante"]
[Black "Dizdar, Goran"]
[Result "1-0"]
[WhiteElo "2596"]
[BlackElo "2488"]
[PlyCount "67"]
[EventDate "2017.11.16"]
[EventType "team"]
[EventRounds "11"]
[EventCountry "AUT"]
[WhiteTeam "SV Pillenkoenig St. Veit"]
[BlackTeam "Schachklub Absam"]

1.e4 e6 2.d4 d5 3.Nc3 Bb4 4.e5 b6 5.a3 Bxc3+ 6.bxc3 Ba6 7.Bxa6 Nxa6 8.Qg4 g6 9.a4
Nb8 10.h4 h6 11.h5 g5 12.f4 f5 13.exf6 Nxf6 14.Qxe6+ Qe7 15.Qxe7+ Kxe7 16.fxg5 hxg5
17.Bxg5 Nbd7 18.Nf3 Ke6 19.O-O-O Nxh5 20.Rde1+ Kd6 21.g4 Ng7 22.Rxh8 Rxh8 23.Bf4+
Kc6 24.Re7 Ne8 25.Ne5+ Nxe5 26.dxe5 Rg8 27.g5 Rf8 28.Be3 Rg8 29.g6 Ng7 30.Bg5 Nf5
31.Rf7 Ng7 32.Bh6 Ne6 33.g7 a5 34.Rf6 1-0

[Event "1. Bundesliga 2017/2018"]
[Site "St.Veit/Glan"]
[Date "2018.04.07"]
[Round "11"]
[Board "3"]
[White "Rotstein, Arkadij"]
[Black "Kuljasevic, Davorin"]
[Result "1/2-1/2"]
[WhiteElo "2505"]
[BlackElo "2538"]
[PlyCount "92"]
[EventDate "2017.11.16"]
[EventType "team"]
[EventRounds "11"]
[EventCountry "AUT"]
[WhiteTeam "Schachklub Absam"]
[BlackTeam "SV Pillenkoenig St. Veit"]

1.g3 e5 2.c4 Nf6 3.Bg2 d5 4.cxd5 Nxd5 5.Nf3 Nc6 6.O-O Nb6 7.d3 Be7 8.Nc3 O-O 9.Be3
Re8 10.Rc1 Bf8 11.a3 Nd4 12.Nd2 c6 13.Nce4 Nd5 14.Nc4 Bg4 15.Bxd4 exd4 16.h3 Bh5 17.g4
Bg6 18.Ng3 Qh4 19.Nd2 Bd6 20.Bxd5 cxd5 21.Kg2 Bf4 22.Nf3 Qf6 23.Rc2 a5 24.b4 Bd6 25.bxa5
Rxa5 26.Qb1 Bxg3 27.Kxg3 Rxa3 28.Qxb7 Rc3 29.Ra2 Qd6+ 30.Kg2 h5 31.Ra8 Qf8 32.Rfa1
Rcc8 33.Rxc8 Rxc8 34.Nxd4 hxg4 35.hxg4 Rd8 36.Qc7 Rc8 37.Qe5 Qc5 38.Rb1 f6 39.Qf4
Qe7 40.Rb6 Bf7 41.Kf3 Qa7 42.Qd6 Qa1 43.Rb8 Qh1+ 44.Ke3 Qc1+ 45.Kf3 Qh1+ 46.Ke3 Qc1+ 1/2-1/2

[Event "1. Bundesliga 2017/2018"]
[Site "St.Veit/Glan"]
[Date "2018.04.07"]
[Round "11"]
[Board "4"]
[White "Rogic, Davor"]
[Black "Bayer, Bernhard"]
[Result "1-0"]
[WhiteElo "2515"]
[BlackElo "2425"]
[PlyCount "65"]
[EventDate "2017.11.16"]
[EventType "team"]
[EventRounds "11"]
[EventCountry "AUT"]
[WhiteTeam "SV Pillenkoenig St. Veit"]
[BlackTeam "Schachklub Absam"]

1.e4 e5 2.Nf3 Nc6 3.Bb5 a6 4.Ba4 Nf6 5.O-O Be7 6.Re1 b5 7.Bb3 O-O 8.c3 d6 9.h3 Nb8
10.d4 Nbd7 11.Nbd2 Bb7 12.Bc2 Re8 13.a4 Bf8 14.Bd3 c6 15.Qc2 g6 16.dxe5 dxe5 17.Nb3
Rc8 18.c4 Nb6 19.c5 Nxa4 20.Bf1 Nd7 21.Be3 Qc7 22.Rec1 Be7 23.Ne1 Nf8 24.Nd3 Ne6 25.Bd2
Qb8 26.Rd1 Rcd8 27.Be3 f5 28.f3 f4 29.Bf2 Bf6 30.Na5 Nd4 31.Qc1 Qc7 32.Be1 Qf7 33.Ra3 1-0

[Event "1. Bundesliga 2017/2018"]
[Site "St.Veit/Glan"]
[Date "2018.04.07"]
[Round "11"]
[Board "5"]
[White "Lehner, Oliver"]
[Black "Hoelzl, Franz"]
[Result "1-0"]
[WhiteElo "2402"]
[BlackElo "2313"]
[PlyCount "77"]
[EventDate "2017.11.16"]
[EventType "team"]
[EventRounds "11"]
[EventCountry "AUT"]
[WhiteTeam "Schachklub Absam"]
[BlackTeam "SV Pillenkoenig St. Veit"]

1.Nf3 Nf6 2.c4 e6 3.g3 c5 4.Bg2 Nc6 5.O-O d5 6.cxd5 Nxd5 7.Nc3 Be7 8.Nxd5 exd5 9.d4
O-O 10.dxc5 Bxc5 11.a3 a5 12.Qc2 Qe7 13.Bg5 f6 14.Bd2 Kh8 15.Rad1 Bg4 16.Bc3 Rfd8
17.Qa4 Bh5 18.Rfe1 Be8 19.Qh4 Bg6 20.Nd4 Bxd4 21.Bxd4 Be4 22.Bb6 Re8 23.f3 Bg6 24.Rxd5
Ne5 25.Bf2 Bf7 26.Rc5 b6 27.Rcc1 Rac8 28.Bh3 Rc4 29.Rxc4 Bxc4 30.Qe4 Ba6 31.f4 Nc4
32.Qxe7 Rxe7 33.Bf1 b5 34.b3 Nd2 35.b4 axb4 36.axb4 Kg8 37.Bg2 Ne4 38.Ra1 Nxf2 39.Kxf2 1-0

[Event "1. Bundesliga 2017/2018"]
[Site "St.Veit/Glan"]
[Date "2018.04.07"]
[Round "11"]
[Board "6"]
[White "Ceschia, Ivano"]
[Black "De Francesco, Klaus"]
[Result "1-0"]
[WhiteElo "2300"]
[BlackElo "2295"]
[PlyCount "119"]
[EventDate "2017.11.16"]
[EventType "team"]
[EventRounds "11"]
[EventCountry "AUT"]
[WhiteTeam "SV Pillenkoenig St. Veit"]
[BlackTeam "Schachklub Absam"]

1.e4 e6 2.d4 d5 3.Nd2 h6 4.Ngf3 Nf6 5.e5 Nfd7 6.c4 Be7 7.cxd5 exd5 8.Qb3 Nb6 9.Bd3
Nc6 10.O-O Be6 11.a3 g5 12.Qc3 Qd7 13.Nb3 g4 14.Ne1 Na4 15.Qc2 a6 16.Be3 Bg5 17.Nc5
Nxc5 18.Qxc5 Be7 19.Qc3 Na7 20.b4 Nc8 21.Rc1 c6 22.Be2 Nb6 23.Nd3 Nc4 24.Nc5 Bxc5
25.bxc5 O-O-O 26.Rb1 Qc7 27.Rb4 Rd7 28.Rfb1 Qd8 29.Bxc4 dxc4 30.Qb2 Qc7 31.Qc1 h5
32.Rb6 h4 33.Qc3 h3 34.Qa5 hxg2 35.Rxb7 Qxb7 36.Rxb7 Rxb7 37.Qxa6 Kc7 38.Kxg2 Rhb8
39.Kg3 Rb3 40.Kh4 c3 41.d5 Bxd5 42.e6 Bxe6 43.Bf4+ Kd7 44.Bxb8 Rxb8 45.Qd3+ Kc8 46.Qxc3
Rb3 47.Qa5 Kd7 48.Qa7+ Ke8 49.Kg5 Kf8 50.f4 Rf3 51.Qb8+ Kg7 52.Qe5+ Kh7 53.Kf6 Rh3
54.Qe4+ Kg8 55.f5 Rh6+ 56.Kg5 Bd5 57.Qxd5 cxd5 58.Kxh6 Kf8 59.Kg5 g3 60.hxg3 1-0

[Event "1. Bundesliga 2017/2018"]
[Site "St.Veit/Glan"]
[Date "2018.04.07"]
[Round "11"]
[Board "2"]
[White "Volokitin, Andrei"]
[Black "Postny, Evgeny"]
[Result "1/2-1/2"]
[WhiteElo "2632"]
[BlackElo "2575"]
[PlyCount "52"]
[EventDate "2017.11.16"]
[EventType "team"]
[EventRounds "11"]
[EventCountry "AUT"]
[WhiteTeam "Schachklub Sparkasse Jenbach"]
[BlackTeam "SIR Royal Salzburg"]

1.e4 c6 2.d4 d5 3.e5 Bf5 4.Nd2 e6 5.Nb3 Nd7 6.Nf3 Qc7 7.Be2 c5 8.c3 c4 9.Nbd2 h6 10.b3
cxb3 11.Qxb3 Ne7 12.c4 Nc6 13.cxd5 exd5 14.O-O Nb6 15.a4 a5 16.Bb5 Bd7 17.Nb1 Bb4
18.Nc3 Nxd4 19.Bxd7+ Kxd7 20.Nxd4 Qxc3 21.Qd1 Qxa1 22.Qg4+ Kc7 23.Nb5+ Kc6 24.Nd4+
Kc7 25.Nb5+ Kc6 26.Nd4+ Kc7 1/2-1/2

[Event "1. Bundesliga 2017/2018"]
[Site "St.Veit/Glan"]
[Date "2018.04.07"]
[Round "11"]
[Board "3"]
[White "Mons, Leon"]
[Black "Wagner, Dennis"]
[Result "1/2-1/2"]
[WhiteElo "2542"]
[BlackElo "2550"]
[PlyCount "110"]
[EventDate "2017.11.16"]
[EventType "team"]
[EventRounds "11"]
[EventCountry "AUT"]
[WhiteTeam "SIR Royal Salzburg"]
[BlackTeam "Schachklub Sparkasse Jenbach"]

1.b3 e5 2.Bb2 Nc6 3.e3 Nf6 4.Nf3 e4 5.Nd4 Nxd4 6.Bxd4 Be7 7.c4 O-O 8.Nc3 c5 9.Be5
d6 10.Bg3 Bf5 11.Bh4 h6 12.f3 Re8 13.Be2 d5 14.cxd5 Nxd5 15.Bxe7 Rxe7 16.Nxe4 Bxe4
17.fxe4 Rxe4 18.O-O Qd6 19.Bc4 Nf6 20.Qe2 Re7 21.Rad1 Rd8 22.Qf3 Qe5 23.a4 Rdd7 24.Qh3
Qg5 25.Rf5 Qg4 26.Qxg4 Nxg4 27.Be2 Ne5 28.d4 cxd4 29.Bb5 dxe3 30.Bxd7 e2 31.Re1 Nd3
32.Rxe2 Rxe2 33.h3 g6 34.Rb5 b6 35.a5 bxa5 36.Rxa5 Rb2 37.Rxa7 Rxb3 38.Be8 Ne5 39.Re7
Re3 40.Bxf7+ Kf8 41.Rxe5 Rxe5 42.Bxg6 Kg7 43.Bd3 Re3 44.Bb5 Kf6 45.Bc6 Kg5 46.Kh2
Kf4 47.Bf3 Rxf3 48.gxf3 Kxf3 49.h4 Kg4 50.Kg1 Kxh4 51.Kh1 Kg3 52.Kg1 h5 53.Kh1 h4
54.Kg1 h3 55.Kh1 h2 1/2-1/2

[Event "1. Bundesliga 2017/2018"]
[Site "St.Veit/Glan"]
[Date "2018.04.07"]
[Round "11"]
[Board "4"]
[White "Acs, Peter"]
[Black "Prusikin, Michael"]
[Result "1/2-1/2"]
[WhiteElo "2592"]
[BlackElo "2514"]
[PlyCount "71"]
[EventDate "2017.11.16"]
[EventType "team"]
[EventRounds "11"]
[EventCountry "AUT"]
[WhiteTeam "Schachklub Sparkasse Jenbach"]
[BlackTeam "SIR Royal Salzburg"]

1.e4 e6 2.d4 d5 3.Nc3 Nf6 4.Bg5 Bb4 5.e5 h6 6.Bd2 Bxc3 7.bxc3 Ne4 8.Qg4 Kf8 9.Bd3
Nxd2 10.Kxd2 c5 11.h4 Nc6 12.Qf4 c4 13.Be2 Bd7 14.Qe3 b5 15.a3 a5 16.Nf3 Rb8 17.h5
Qe7 18.g4 Ke8 19.Nh4 b4 20.axb4 axb4 21.cxb4 Qxb4+ 22.Qc3 Ke7 23.Qxb4+ Rxb4 24.Kc3
Rhb8 25.f4 f6 26.Rhg1 Be8 27.Ra6 R4b6 28.Rxb6 Rxb6 29.g5 fxg5 30.fxg5 hxg5 31.Rxg5
Kf8 32.Rg1 Ra6 33.Rf1+ Ke7 34.Rf4 Ra3+ 35.Kd2 Rg3 36.c3 1/2-1/2

[Event "1. Bundesliga 2017/2018"]
[Site "St.Veit/Glan"]
[Date "2018.04.07"]
[Round "11"]
[Board "5"]
[White "Pitl, Gregory"]
[Black "Shengelia, David"]
[Result "1/2-1/2"]
[WhiteElo "2394"]
[BlackElo "2505"]
[PlyCount "94"]
[EventDate "2017.11.16"]
[EventType "team"]
[EventRounds "11"]
[EventCountry "AUT"]
[WhiteTeam "SIR Royal Salzburg"]
[BlackTeam "Schachklub Sparkasse Jenbach"]

1.e4 c5 2.Nf3 e6 3.d4 cxd4 4.Nxd4 a6 5.Nc3 b5 6.g3 Bb7 7.a3 Nc6 8.Nb3 Nf6 9.Bg2 d6
10.O-O Be7 11.f4 h5 12.h3 Qb6+ 13.Kh1 Ng4 14.Qe2 Bf6 15.Bf3 Nd4 16.Nxd4 Bxd4 17.Nd1
Qc7 18.c3 Bc5 19.Ne3 Bxe3 20.Bxe3 Qc4 21.Qxc4 bxc4 22.Bb6 Nf6 23.Rfe1 d5 24.e5 Ne4
25.Bxe4 dxe4 26.Rad1 Bd5 27.a4 a5 28.Bc5 Rb8 29.Ba3 f5 30.h4 Kf7 31.Kg1 Rb3 32.Kf2
Rhb8 33.Ke3 Rc8 34.Rd4 Rc7 35.Rc1 Rcb7 36.Rdd1 Bc6 37.Rd4 Bd5 38.Rdd1 Bc6 39.Rd4 Bxa4
40.Rxc4 Bb5 41.Rd4 Bd3 42.Rd8 Bc4 43.Rcd1 Bd3 44.Rf8+ Kg6 45.Re8 Kf7 46.Rf8+ Kg6 47.Re8
Kf7 1/2-1/2

[Event "1. Bundesliga 2017/2018"]
[Site "St.Veit/Glan"]
[Date "2018.04.07"]
[Round "11"]
[Board "6"]
[White "Schlosser, Philipp"]
[Black "Tischbierek, Raj"]
[Result "1-0"]
[WhiteElo "2511"]
[BlackElo "2434"]
[PlyCount "51"]
[EventDate "2017.11.16"]
[EventType "team"]
[EventRounds "11"]
[EventCountry "AUT"]
[WhiteTeam "Schachklub Sparkasse Jenbach"]
[BlackTeam "SIR Royal Salzburg"]

1.c4 e6 2.Nc3 d5 3.d4 Nf6 4.cxd5 Nxd5 5.Nf3 c5 6.e3 Nc6 7.Bc4 cxd4 8.exd4 Nxc3 9.bxc3
Be7 10.O-O O-O 11.Re1 b6 12.Bd3 Bb7 13.h4 Qd5 14.Rb1 Bf6 15.Rb5 Qd8 16.Rh5 g6 17.Ng5
Bxg5 18.Rxg5 Ne7 19.h5 Nf5 20.hxg6 hxg6 21.Qg4 Qf6 22.Bf4 Qg7 23.Be5 Qh6 24.Bf6 Rac8
25.c4 Ng7 26.Re3 1-0

[Event "1. Bundesliga 2017/2018"]
[Site "St.Veit/Glan"]
[Date "2018.04.07"]
[Round "11"]
[Board "1"]
[White "Bindrich, Falko"]
[Black "Haba, Petr"]
[Result "1-0"]
[WhiteElo "2588"]
[BlackElo "2454"]
[PlyCount "83"]
[EventDate "2017.11.16"]
[EventType "team"]
[EventRounds "11"]
[EventCountry "AUT"]
[WhiteTeam "SK Hohenems"]
[BlackTeam "Grieskirchen/Bad Schallerbach"]

1.c4 e5 2.g3 c6 3.d4 e4 4.d5 cxd5 5.cxd5 Nf6 6.Nc3 Bb4 7.Bg2 O-O 8.Nh3 d6 9.O-O Bf5
10.f3 exf3 11.exf3 Bxc3 12.bxc3 Bxh3 13.Bxh3 Qa5 14.Rb1 Qxa2 15.Rxb7 Na6 16.Bg5 Qxd5
17.Qxd5 Nxd5 18.Rd7 Nxc3 19.Rxd6 Nb4 20.Bd2 Ncd5 21.Rd1 a5 22.Bf5 Rab8 23.g4 Ne7 24.Be4
Rfc8 25.Bf4 Ng6 26.Bg3 Na2 27.R6d3 Nc1 28.R3d2 Nb3 29.Rd5 Rb6 30.Rd8+ Rxd8 31.Rxd8+
Nf8 32.Bd6 Rxd6 33.Rxd6 Nc5 34.Bd5 g6 35.h4 Kg7 36.Rc6 Nce6 37.Bxe6 Nxe6 38.Ra6 h5
39.Rxa5 g5 40.gxh5 Kh6 41.hxg5+ Kxh5 42.Rf5 1-0

[Event "1. Bundesliga 2017/2018"]
[Site "St.Veit/Glan"]
[Date "2018.04.07"]
[Round "11"]
[Board "2"]
[White "Kilgus, Georg"]
[Black "Rozentalis, Eduardas"]
[Result "0-1"]
[WhiteElo "2413"]
[BlackElo "2518"]
[PlyCount "88"]
[EventDate "2017.11.16"]
[EventType "team"]
[EventRounds "11"]
[EventCountry "AUT"]
[WhiteTeam "Grieskirchen/Bad Schallerbach"]
[BlackTeam "SK Hohenems"]

1.d4 Nf6 2.c4 e6 3.g3 Bb4+ 4.Bd2 c5 5.Bxb4 cxb4 6.Bg2 O-O 7.e4 d6 8.Ne2 e5 9.O-O Re8
10.Nd2 a5 11.Qc2 Na6 12.Rfd1 exd4 13.Nf1 d3 14.Rxd3 Nxe4 15.Rd4 b3 16.axb3 Nb4 17.Qd1
Nc5 18.Ne3 Qf6 19.Nc3 Be6 20.Ne4 Nxe4 21.Bxe4 Nc6 22.Rd2 g6 23.Qf3 Qxf3 24.Bxf3 Ne5
25.Be2 Nd7 26.Rxd6 Nc5 27.Bd1 Bh3 28.Bc2 Kg7 29.Rad1 Rac8 30.R1d4 h5 31.Rh4 Bd7 32.Kf1
b5 33.Rhd4 Bh3+ 34.Ke2 bxc4 35.bxc4 Rb8 36.R4d5 Rxb2 37.Rxc5 Rxc2+ 38.Rd2 Rc3 39.Ra2
a4 40.Rxa4 Rc2+ 41.Kf3 Bg4+ 42.Nxg4 hxg4+ 43.Kxg4 Rxf2 44.Rc7 Kh6 0-1

[Event "1. Bundesliga 2017/2018"]
[Site "St.Veit/Glan"]
[Date "2018.04.07"]
[Round "11"]
[Board "3"]
[White "Baldauf, Marco"]
[Black "Schwabeneder, Florian"]
[Result "1/2-1/2"]
[WhiteElo "2481"]
[BlackElo "2422"]
[PlyCount "115"]
[EventDate "2017.11.16"]
[EventType "team"]
[EventRounds "11"]
[EventCountry "AUT"]
[WhiteTeam "SK Hohenems"]
[BlackTeam "Grieskirchen/Bad Schallerbach"]

1.d4 d5 2.c4 e6 3.Nf3 Nf6 4.Nc3 Bb4 5.Qb3 a5 6.Bg5 c6 7.e3 Nbd7 8.a3 Be7 9.Be2 O-O
10.O-O Ne4 11.Bxe7 Qxe7 12.Nxe4 dxe4 13.Ne5 Nxe5 14.dxe5 Qc5 15.Qc3 a4 16.f4 exf3
17.gxf3 f6 18.exf6 gxf6 19.Kf2 e5 20.Rg1+ Kh8 21.Rad1 Be6 22.Qd3 Qe7 23.Qd6 Qf7 24.Rg3
Rg8 25.Rxg8+ Rxg8 26.Rg1 Rxg1 27.Kxg1 Kg7 28.Qb4 Qg6+ 29.Kf2 Bf7 30.Qxb7 Qh6 31.Qxc6
Qxh2+ 32.Ke1 h5 33.Qd7 Qg1+ 34.Kd2 Qb1 35.Qb7 h4 36.c5 Qa2 37.Qb4 h3 38.Qg4+ Kf8 39.Qc8+
Ke7 40.Qc7+ Kf8 41.Qc8+ Be8 42.Qxh3 Qxb2+ 43.Ke1 Qxa3 44.Qe6 Qxc5 45.Qxf6+ Bf7 46.Qd8+
Kg7 47.Qg5+ Bg6 48.f4 Qb4+ 49.Kf2 exf4 50.Qe5+ Kh7 51.exf4 a3 52.Bc4 Qxc4 53.Qe7+
Kh6 54.Qxa3 Qc2+ 55.Ke3 Qe4+ 56.Kf2 Qxf4+ 57.Qf3 Qxf3+ 58.Kxf3 1/2-1/2

[Event "1. Bundesliga 2017/2018"]
[Site "St.Veit/Glan"]
[Date "2018.04.07"]
[Round "11"]
[Board "4"]
[White "Singer, Christoph"]
[Black "Henrichs, Thomas"]
[Result "1/2-1/2"]
[WhiteElo "2350"]
[BlackElo "2476"]
[PlyCount "70"]
[EventDate "2017.11.16"]
[EventType "team"]
[EventRounds "11"]
[EventCountry "AUT"]
[WhiteTeam "Grieskirchen/Bad Schallerbach"]
[BlackTeam "SK Hohenems"]

1.e4 d6 2.d4 Nf6 3.Nc3 g6 4.Be3 c6 5.h3 Bg7 6.Nf3 O-O 7.a4 Qc7 8.Bd3 Nbd7 9.O-O e5
10.dxe5 Nxe5 11.Nxe5 dxe5 12.Bc4 Nh5 13.Qf3 Nf4 14.Rfd1 Be6 15.Bxe6 Nxe6 16.Rd3 Nd4
17.Bxd4 exd4 18.Ne2 Rfe8 19.Nxd4 Qe7 20.Rad1 Qxe4 21.Qxe4 Rxe4 22.b3 a5 23.Kf1 Bf6
24.c4 Kg7 25.Nf3 b5 26.cxb5 cxb5 27.axb5 Rb4 28.Rc1 Rxb5 29.Rc7 Rd8 30.Rxd8 Bxd8 31.Rd7
Bf6 32.Rd3 h5 33.g3 Rb4 34.Ke2 a4 35.bxa4 Rxa4 1/2-1/2

[Event "1. Bundesliga 2017/2018"]
[Site "St.Veit/Glan"]
[Date "2018.04.07"]
[Round "11"]
[Board "5"]
[White "Froewis, Georg"]
[Black "Webersberger, Johann"]
[Result "1-0"]
[WhiteElo "2438"]
[BlackElo "2341"]
[PlyCount "79"]
[EventDate "2017.11.16"]
[EventType "team"]
[EventRounds "11"]
[EventCountry "AUT"]
[WhiteTeam "SK Hohenems"]
[BlackTeam "Grieskirchen/Bad Schallerbach"]

1.Nf3 g6 2.e4 Bg7 3.d4 d6 4.c4 e5 5.Nc3 Nc6 6.Be3 Bg4 7.d5 Nd4 8.Be2 Bxf3 9.Bxf3 Ne7
10.Qa4+ c6 11.dxc6 bxc6 12.c5 O-O 13.Bd1 d5 14.O-O Ne6 15.exd5 cxd5 16.Bf3 d4 17.Bxa8
Qxa8 18.Nd1 dxe3 19.Nxe3 Nd4 20.b4 Nef5 21.Nxf5 gxf5 22.Qd1 f4 23.Qh5 f3 24.g3 Re8
25.Rad1 Re6 26.b5 Ne2+ 27.Kh1 Nd4 28.c6 Qc8 29.Rxd4 exd4 30.Qxf3 Qc7 31.a4 Re8 32.Kg2
Rd8 33.Rd1 Kf8 34.Qf5 h6 35.Qc5+ Kg8 36.Rd3 Qe5 37.Qxa7 Qd5+ 38.Kg1 Qe4 39.c7 Ra8
40.b6 1-0

[Event "1. Bundesliga 2017/2018"]
[Site "St.Veit/Glan"]
[Date "2018.04.07"]
[Round "11"]
[Board "6"]
[White "Lentrodt, Thomas"]
[Black "Atlas, Valery"]
[Result "0-1"]
[WhiteElo "2276"]
[BlackElo "2456"]
[PlyCount "92"]
[EventDate "2017.11.16"]
[EventType "team"]
[EventRounds "11"]
[EventCountry "AUT"]
[WhiteTeam "Grieskirchen/Bad Schallerbach"]
[BlackTeam "SK Hohenems"]

1.d4 Nf6 2.c4 c5 3.Nf3 cxd4 4.Nxd4 b6 5.f3 d6 6.e4 e6 7.Be2 Be7 8.Nc3 O-O 9.O-O Bb7
10.Be3 a6 11.Qd2 Qc7 12.Rac1 Nbd7 13.Rfd1 Rac8 14.Bf1 Qb8 15.Qf2 Bd8 16.b3 Bc7 17.Qh4
Ne5 18.Nde2 Ng6 19.Qh3 Rfe8 20.Bg5 Nd7 21.Ng3 h6 22.Be3 Nf6 23.Nh5 Nxh5 24.Qxh5 d5
25.cxd5 Nf4 26.Qg4 h5 27.Qh4 exd5 28.g3 Ng6 29.Qxh5 dxe4 30.f4 b5 31.Nd5 Bxd5 32.Qxd5
Bb6 33.Qd2 Rxc1 34.Rxc1 Ne7 35.Bh3 Qa7 36.Bxb6 Qxb6+ 37.Kh1 Rd8 38.Qe2 Rd4 39.Bg2
f5 40.h3 Qd6 41.Rc2 Rd1+ 42.Kh2 Qd4 43.h4 g6 44.h5 Kf7 45.hxg6+ Kxg6 46.g4 Qg1+ 0-1